| 000 | 01188nam a22002897a 4500 | ||
|---|---|---|---|
| 001 | BH32744 | ||
| 003 | ES-SlBCS | ||
| 005 | 20260619090308.0 | ||
| 008 | 260619s1721 it a b 1 lat | ||
| 040 |
_aES-SIBCS _bspa |
||
| 041 |
_alat _hlat |
||
| 100 | 1 |
_aLucano, Marco Anneo _910660 _d(39-65) |
|
| 240 | 1 | 0 | _aPharsalia |
| 245 | 1 | 0 |
_aM. Annaei Lucani Pharsalia. _b Sive de Bello civili Caesaris et Pompeii _cAdditae sunt sine Hugonis Grotii notae ex binis antehac editis junctae correctae et Thomae Farnabii |
| 246 | 3 | 0 | _aPharsalia |
| 260 |
_aPatavii : _bTypis Seminarii. Apud Io. Manfré _c, 1721 |
||
| 300 |
_a[24], 430, p.; _c17 cm |
||
| 505 |
_aPharsalia _tLiber primus 1 Liber II 37 Liber III 73 Liber IV 109 Liber V 149 Liber VI 188 Liber VII 229 Liber VIII 272 Liber IX 312 Liber X 560 |
||
| 561 | _aConvento de Jerez | ||
| 599 | _aFrontispicio calcográfico alegórico a la guerra civil: Joseph Abbiati Sculpsit | ||
| 650 |
_aAutores latinos _xEpopeya _910661 _yObras anteriores a 1800 |
||
| 700 |
_aGrotio, Hugo _enotas _926370 |
||
| 700 |
_aAbbiati, Ioseph _esculp _926371 |
||
| 700 |
_aFarnabii. Tomas _ecorre _926372 |
||
| 752 |
_aItalia _dPadua |
||
| 942 |
_2lcc _cLA |
||
| 999 |
_c18517 _d21748 |
||